| 000 | 00546 a2200205 4500 | ||
|---|---|---|---|
| 003 | OSt | ||
| 005 | 20180116182644.0 | ||
| 008 | 160526b xxu||||| |||| 00| 0 eng d | ||
| 020 | _a0 | ||
| 040 | _c0 | ||
| 082 | _a340.6 MOD 2000 | ||
| 100 | _aModi's | ||
| 245 |
_aMedical Jurisprudence & Toxicology _cModi's |
||
| 250 | _a22nd ed. | ||
| 260 |
_aIslamabad, Pakistan _bNational Book Foundation _c1999 |
||
| 300 |
_a587 p _bHB |
||
| 440 | _aMedical Jurisprudence & Toxicology | ||
| 500 | _aHard Cover | ||
| 942 |
_aNBS _cBK _k340.6 MOD 1999 _2ddc |
||
| 999 |
_c343533 _d343533 |
||